000 00208nam a22000977a 4500
999 _c262385
_d262384
020 _a0698200918
100 _aWanda Gag
245 _aMillions Of Cats
260 _aNew York
_bCoward McCann
_c1928
942 _cBK